Abang Viva : adiwira banjir

Bibliographic Details
Main Author: Mohammad Qayyum A. Badaruddin Mejar (B) , 1968- (Author)
Format: Book
Published: Kajang, Selangor : Casamas Resources Sdn Bhd 2022
Subjects:

MARC

LEADER 00000cam a2200000 7i4500
001 0000090960
005 20230209090139.0
008 230207 may
020 |a 9789672446446 (  |q (paperback)) 
040 |e rda 
041 |a Malay 
090 0 0 |a 363.3493   |b MOH 
100 1 |a Mohammad Qayyum A. Badaruddin   |c Mejar (B) ,   |d 1968- ,   |e (author) 
245 1 0 |a Abang Viva :   |b adiwira banjir   |c Mejar Mohammad Qayyum A. Badaruddin 
264 1 |a Kajang, Selangor :   |b Casamas Resources Sdn Bhd   |c 2022 
300 |a 154 pages :   |b illustrations, photographs ;   |c 22 cm. 
336 |a text  |2 rdacontent 
337 |a unmediated  |2 rdamedia 
338 |a volume  |2 rdacarrier 
504 |a Bibliography: pages 153-154 
541 |c Purchased on 2022   |f 2164 IUM   |h RM25.00 
650 0 |a Flood 
650 0 |a Volunteer   |x Person 
999 |a 0001709915   |b Book   |c Adult Collection   |e Cawangan Urban Transformation Centre 
999 |a 0001709916   |b Book   |c Adult Collection   |e Cawangan AEON Kulaijaya 
999 |a 0001709917   |b Book   |c Adult Collection   |e Perbadanan Perpustakaan Awam Johor 
999 |a 0001709918   |b Book   |c Adult Collection   |e Cawangan Mersing 
999 |a 0001709919   |b Book   |c Adult Collection   |e Cawangan Bandar Tenggara 
999 |a 0001709927   |b Book   |c Adult Collection   |e Cawangan Muar 
999 |a 0001709932   |b Book   |c Adult Collection   |e Cawangan Tangkak 
999 |a 0001709933   |b Book   |c Adult Collection   |e Cawangan Segamat 
999 |a 0001709934   |b Book   |c Adult Collection   |e Cawangan Batu Pahat 
999 |a 0001709935   |b Book   |c Adult Collection   |e Cawangan Sri Merlong 
999 |a 0001709936   |b Book   |c Adult Collection   |e Cawangan Taman Sri Lambak 
999 |a 0001709937   |b Book   |c Adult Collection   |e Cawangan Bandar Penawar 
999 |a 0001709938   |b Book   |c Adult Collection   |e Cawangan Bukit Gambir 
999 |a 0001709939   |b Book   |c Adult Collection   |e Cawangan Pontian 
999 |a 0001709940   |b Book   |c Adult Collection   |e Cawangan Tmn. Ungku Tun Aminah 
999 |a 0001709941   |b Book   |c Adult Collection   |e Cawangan Kota Tinggi